Most Streamed Songs of 2024 - Statistics

General Stats
  • This quiz has been taken 34 times
  • The average score is 12 of 20
Answer Stats
# Streams Artist(s) Answer % Correct
5 2,234,689,539 Rose & Bruno Mars APT.
97%
3 2,743,705,590 Sabrina Carpenter Espresso
94%
2 3,320,900,492 Lady Gaga & Bruno Mars Die With A Smile
90%
10 1,794,481,606 Kendrick Lamar Not Like Us
81%
1 3,383,969,018 Billie Eilish BIRDS OF A FEATHER
77%
4 2,705,745,072 Benson Boone Beautiful Things
74%
15 1,565,360,351 Shaboozey A Bar Song (Tipsy)
65%
20 1,363,523,694 sombr back to friends
65%
11 1,793,485,810 Billie Eilish WILDFLOWER
61%
14 1,628,277,522 Gigi Perez Sailor Song
58%
9 1,826,847,499 Hozier Too Sweet
58%
7 1,939,431,294 Chappell Roan Good Luck, Babe!
55%
19 1,368,313,433 Post Malone ft. Morgan Wallen I Had Some Help
55%
13 1,723,103,571 Sabrina Carpenter Please Please Please
55%
12 1,782,355,570 Ariana Grande we can't be friends (wait for your love)
48%
17 1,527,569,402 Gracie Abrams That's So True
45%
18 1,456,913,994 Artemas i like the way you kiss me
32%
8 1,920,385,257 FloyyMenor & Cris MJ Gata Only
26%
6 2,225,473,445 Jimin Who
26%
16 1,564,146,119 Karol G Si Antes Te Hubiera Conocido
16%
No matching quizzes found
Score Distribution
Percent of People with Each Score
Percentile by Number Answered
Your Score History
You have not taken this quiz